000 00688nam a2200265Ia 4500
005 20260121165354.0
008 008 260114s9999 xx 000 0 eng d
020 _a9783319428604
037 _aEBOOK
040 _aCRL
040 _beng
040 _cCRL
041 _2eng
041 _aeng
084 _qCRL
100 _aElena V. Grigorieva, Sergey A. Kaschenko
_91050890
245 0 _aAsymptotic Representation of Relaxation Oscillations in Lasers
260 _bSpringer
260 _bSpringer
260 _c2017
856 _uhttps://link.springer.com/openurl?genre=book&isbn=978-3-319-42860-4
942 _cEBOOK
999 _c1616615
_d1616615